000 01064nam a2200289Ia 4500
003 OSt
005 20221007123446.0
006 a|||||r|||| 00| 0
007 ta
008 221006b |||||||| |||| 00| 0 eng d
020 _a905699185X (pbk)
_cRs.495.00
024 _a11863
037 _bVardhman,
_cTextual
040 _aPAPL
_cPAPL
_beng
041 _2eng
_aeng
082 _aCN1, N9
100 _aRogalski Mircea S
245 0 _aQuantum physics by Mircea S Rogalski and Stuart B Palmer
_b Palmer Stuart B
260 _aAustralia
_bGordon and Breach Scinece Publishers
_c1999
300 _axiv, 474p
_ccm.
500 _a(Reprinted in 2002); ; Index 469-474p; ^n23/CSL/CARPA/2003-2004/1306(B)^d2003-12-03^mPurchase; ; 2003-04/794^b2004-03-01^c183^d2004-02-20^eRs.5,189.00^fVardhman Books; ; 2004-06-07^bSB^c2004-06-07^dVinay
650 _a Quantum
_9716927
650 _aPhysics
700 _a Palmer Stuart B
_9713464
942 _hCN1, N9
_cTEXL
_2CC
999 _c1211926
_d1211926